000 00495nam a2200205Ia 4500
008 151119s9999||||xx |||||||||||||| ||und||
082 _a891.461
082 _bGKKV24924
100 _aबागवे अशोक
245 _aमंदील
260 _a--
260 _b--
260 _c2002
300 _a112p.
600 _aबागवे अशोक
630 _aमंदील
700 _aबागवे अशोक
730 _aमंदील
942 _cBOOK
999 _c1077481
_d1077478